[Event "Europa ch 2014"]
[Site "Yerevan ARM"]
[Date "2014.03.11"]
[Round "8.126"]
[White "Kanjaryan, Vladimir"]
[Black "Porfireanu, Serban"]
[Result "1-0"]
[WhiteElo "2067"]
[BlackElo "1903"]
[PlyCount "61"]
[EventDate "2014.03.03"]
[EventType "swiss"]
[EventRounds "11"]
[EventCountry "ARM"]
[Source "lmi"]
[SourceDate "2014.03.02"]

1. e4 c6 2. d4 d5 3. e5 Bf5 4. Be3 e6 5. Nf3 h6 6. Be2 Nd7 7. O-O c5 8. c4 cxd4
9. Nxd4 Bxb1 10. Rxb1 Ne7 11. Qb3 Rb8 12. cxd5 exd5 13. e6 fxe6 14. Nxe6 Qa5
15. Qc2 d4 16. Bxd4 Rc8 17. Bc3 Qd5 18. Rfe1 g6 19. Bd3 Rg8 20. Rbd1 Qh5 21.
Nf4 Qg5 22. Bxg6+ Rxg6 23. Nxg6 Nf6 24. Nxf8 Kxf8 25. Rxe7 Rxc3 26. Qxc3 Kxe7
27. Qc7+ Kf8 28. Rd8+ Ne8 29. Qd6+ Kg7 30. Rd7+ Kg8 31. Qe6+ 1-0

[Event "Europa ch 2014"]
[Site "Yerevan ARM"]
[Date "2014.03.11"]
[Round "8.127"]
[White "Kleinert, Juergen"]
[Black "Davtyan, Artur"]
[Result "0-1"]
[WhiteElo "2000"]
[BlackElo "1843"]
[PlyCount "58"]
[EventDate "2014.03.03"]
[EventType "swiss"]
[EventRounds "11"]
[EventCountry "ARM"]
[Source "lmi"]
[SourceDate "2014.03.02"]

1. e4 c5 2. c3 d5 3. exd5 Qxd5 4. d4 Nc6 5. Nf3 Bg4 6. Be2 e6 7. h3 Bh5 8. Be3
Nf6 9. O-O O-O-O 10. dxc5 Qxd1 11. Rxd1 Rxd1+ 12. Bxd1 Nd5 13. b4 Be7 14. Bb3
Bxf3 15. gxf3 Nxe3 16. fxe3 Nxb4 17. cxb4 Bf6 18. Nc3 Bxc3 19. Rb1 Rd8 20. b5
Rd3 21. Kf2 Rd2+ 22. Kg3 Re2 23. Rd1 Be5+ 24. Kg4 Rg2+ 25. Kh5 Bf6 26. f4 Rg3
27. h4 Be7 28. c6 bxc6 29. bxc6 Bf8 0-1

[Event "Europa ch 2014"]
[Site "Yerevan ARM"]
[Date "2014.03.11"]
[Round "8.128"]
[White "Kuehn, Matthias"]
[Black "Bejashvili, Irma"]
[Result "1-0"]
[WhiteElo "1957"]
[BlackElo "1749"]
[PlyCount "107"]
[EventDate "2014.03.03"]
[EventType "swiss"]
[EventRounds "11"]
[EventCountry "ARM"]
[Source "lmi"]
[SourceDate "2014.03.02"]

1. e4 c5 2. Nc3 Nc6 3. f4 g6 4. Nf3 Bg7 5. d3 e6 6. g4 Nd4 7. Bg2 Ne7 8. O-O
O-O 9. Ne2 d5 10. Ng3 Bd7 11. Ne5 Ba4 12. b3 Bb5 13. a4 Ba6 14. Rb1 Rc8 15. Be3
dxe4 16. Nxe4 Nd5 17. Bd2 Qc7 18. c3 Bxe5 19. fxe5 Qxe5 20. c4 f5 21. Ng5 Nc3
22. Bxc3 Ne2+ 23. Kh1 Nxc3 24. Qe1 Qxe1 25. Rbxe1 fxg4 26. Nxe6 Rxf1+ 27. Rxf1
Re8 28. Nxc5 Re3 29. b4 b5 30. Nxa6 bxa4 31. d4 a3 32. c5 Rd3 33. d5 a2 34. c6
Rd1 35. c7 Rxf1+ 36. Bxf1 a1=Q 37. c8=Q+ Kg7 38. Qc7+ Kg8 39. Qb8+ Kg7 40.
Qxa7+ Kh6 41. Qe3+ Kh5 42. Kg1 Nd1 43. Qc5 Qf6 44. d6+ Kh4 45. d7 g3 46. Qc4+
Kg5 47. Qc1+ Kh4 48. hxg3+ Kxg3 49. Qa3+ Kh4 50. Qh3+ Kg5 51. Qg3+ Kh6 52. Nc5
Qd4+ 53. Kh2 Nf2 54. Be2 1-0

[Event "Europa ch 2014"]
[Site "Yerevan ARM"]
[Date "2014.03.12"]
[Round "9.2"]
[White "Wojtaszek, Radoslaw"]
[Black "Najer, Evgeniy"]
[Result "1/2-1/2"]
[WhiteElo "2713"]
[BlackElo "2633"]
[PlyCount "88"]
[EventDate "2014.03.03"]
[EventType "swiss"]
[EventRounds "11"]
[EventCountry "ARM"]
[Source "lmi"]
[SourceDate "2014.03.02"]

1. d4 d5 2. c4 c6 3. Nf3 Nf6 4. e3 Bg4 5. Qb3 Qb6 6. Nc3 e6 7. Nh4 Bh5 8. h3 g5
9. Nf3 h6 10. Bd3 Nbd7 11. c5 Qxb3 12. axb3 a6 13. b4 Rb8 14. Nd2 e5 15. Nb3
Bg7 16. Bd2 O-O 17. O-O Rfe8 18. Be1 Bg6 19. Bxg6 fxg6 20. f3 exd4 21. exd4 Nh5
22. Bf2 Nf4 23. Rfd1 h5 24. Bg3 Nf8 25. Rd2 N8e6 26. Bf2 Bf6 27. Re1 Kf7 28.
Ne2 b6 29. Nxf4 gxf4 30. Ra1 bxc5 31. Nxc5 Rxb4 32. Nxe6 Kxe6 33. Rxa6 Kd6 34.
Ra7 Re7 35. Rxe7 Kxe7 36. Kf1 Ke6 37. Ke2 g5 38. Kd3 Kf5 39. Rc2 Rb3+ 40. Ke2
Rb6 41. Kd3 g4 42. hxg4+ hxg4 43. Be1 Ra6 44. Rc1 Rb6 1/2-1/2

[Event "Europa ch 2014"]
[Site "Yerevan ARM"]
[Date "2014.03.12"]
[Round "9.3"]
[White "Fedoseev, Vladimir3"]
[Black "Navara, David"]
[Result "1/2-1/2"]
[WhiteElo "2641"]
[BlackElo "2700"]
[PlyCount "80"]
[EventDate "2014.03.03"]
[EventType "swiss"]
[EventRounds "11"]
[EventCountry "ARM"]
[Source "lmi"]
[SourceDate "2014.03.02"]

1. d4 Nf6 2. c4 g6 3. Nc3 d5 4. cxd5 Nxd5 5. e4 Nxc3 6. bxc3 Bg7 7. Bg5 c5 8.
Rc1 Qa5 9. Qd2 h6 10. Be3 cxd4 11. cxd4 Qxd2+ 12. Kxd2 O-O 13. Kc2 f5 14. e5 f4
15. Bc4+ Kh7 16. Bd2 Nc6 17. Nf3 Bf5+ 18. Bd3 Rac8 19. Bxf5 Nxd4+ 20. Kd3 Rxc1
21. Rxc1 Nxf3 22. gxf3 Rxf5 23. Rc7 Rxe5 24. Rxb7 Rd5+ 25. Ke2 Re5+ 26. Kf1 a6
27. Bxf4 Rf5 28. Bd2 Rd5 29. Be1 Bf6 30. Ra7 Rd6 31. Bb4 Re6 32. a4 g5 33. a5
Kg6 34. Bc5 Bc3 35. Bb6 Bb4 36. Rxa6 Bxa5 37. Rxa5 Rxb6 38. Kg2 Re6 39. Kg3 Re1
40. Kg2 Kf6 1/2-1/2

[Event "Europa ch 2014"]
[Site "Yerevan ARM"]
[Date "2014.03.12"]
[Round "9.4"]
[White "Akopian, Vladimir"]
[Black "Melkumyan, Hrant"]
[Result "1/2-1/2"]
[WhiteElo "2682"]
[BlackElo "2613"]
[PlyCount "96"]
[EventDate "2014.03.03"]
[EventType "swiss"]
[EventRounds "11"]
[EventCountry "ARM"]
[Source "lmi"]
[SourceDate "2014.03.02"]

1. e4 e5 2. Nf3 Nc6 3. Bb5 a6 4. Ba4 Nf6 5. d3 b5 6. Bb3 Be7 7. a4 b4 8. a5 d6
9. O-O O-O 10. Nbd2 Be6 11. Bc4 Re8 12. b3 d5 13. exd5 Bxd5 14. Bb2 Bc5 15. h3
Qd6 16. Re1 Nd4 17. Ng5 Bxc4 18. Nxc4 Qd5 19. Ne4 Nxe4 20. dxe4 Qe6 21. Bxd4
Bxd4 22. Rb1 Qe7 23. Qe2 Qc5 24. Rbd1 Re6 25. Rd3 Rf6 26. Rf3 Rxf3 27. Qxf3 Re8
28. g3 Re6 29. Rf1 Rf6 30. Qe2 Qc6 31. Kg2 h5 32. h4 Rg6 33. Kh2 Rf6 34. f3 Rg6
35. Qg2 Qc5 36. Qe2 Qc6 37. Rd1 Qc5 38. Rd2 Bg1+ 39. Kh3 Bd4 40. Kh2 Bg1+ 41.
Kh3 Bd4 42. Qf1 Qc6 43. Kh2 Qf6 44. Qg2 Kh7 45. Rd3 Qe7 46. Rd2 Qf6 47. Rd3 Qe7
48. Rd2 Qf6 1/2-1/2

[Event "Europa ch 2014"]
[Site "Yerevan ARM"]
[Date "2014.03.12"]
[Round "9.5"]
[White "Perunovic, Milos"]
[Black "Laznicka, Viktor"]
[Result "1/2-1/2"]
[WhiteElo "2617"]
[BlackElo "2681"]
[PlyCount "26"]
[EventDate "2014.03.03"]
[EventType "swiss"]
[EventRounds "11"]
[EventCountry "ARM"]
[Source "lmi"]
[SourceDate "2014.03.02"]

1. e4 c6 2. d4 d5 3. e5 Bf5 4. h4 h5 5. c4 e6 6. Nc3 Ne7 7. Bg5 Qb6 8. Qd2 Nd7
9. Nf3 Bg4 10. Nh2 Bf5 11. Nf3 Bg4 12. Nh2 Bf5 13. Nf3 Bg4 1/2-1/2

[Event "Europa ch 2014"]
[Site "Yerevan ARM"]
[Date "2014.03.12"]
[Round "9.6"]
[White "Popov, Ivan RUS"]
[Black "Solak, Dragan"]
[Result "0-1"]
[WhiteElo "2650"]
[BlackElo "2610"]
[PlyCount "90"]
[EventDate "2014.03.03"]
[EventType "swiss"]
[EventRounds "11"]
[EventCountry "ARM"]
[Source "lmi"]
[SourceDate "2014.03.02"]

1. e4 c6 2. d4 d5 3. Nc3 dxe4 4. Nxe4 Bf5 5. Ng3 Bg6 6. Nf3 Nd7 7. Bd3 e6 8.
Bf4 Ngf6 9. O-O Be7 10. c4 Bxd3 11. Qxd3 Nf8 12. Qb3 Ng6 13. Be5 Qb6 14. Qxb6
axb6 15. a4 O-O 16. Bxf6 Bxf6 17. Ne4 Be7 18. Rfd1 Rfd8 19. g3 f5 20. Neg5 Rd6
21. h4 Bf6 22. Re1 Nf8 23. c5 bxc5 24. dxc5 Rd3 25. Kg2 Rb3 26. Nxe6 Nxe6 27.
Rxe6 Rxb2 28. Ra3 h6 29. Ne5 Re2 30. Re3 Rxe3 31. fxe3 Rxa4 32. Re8+ Kh7 33.
Nf7 Kg6 34. Nd6 Ra5 35. Nxb7 Rb5 36. Nd6 Rxc5 37. e4 fxe4 38. Nxe4 Re5 39. Nxf6
Kxf6 40. Rc8 Re6 41. g4 Ke5 42. Rc7 g5 43. Kg3 gxh4+ 44. Kxh4 Kd5 45. Rd7+ Rd6
0-1

[Event "Europa ch 2014"]
[Site "Yerevan ARM"]
[Date "2014.03.12"]
[Round "9.8"]
[White "Eljanov, Pavel"]
[Black "Balogh, Csaba"]
[Result "1/2-1/2"]
[WhiteElo "2723"]
[BlackElo "2651"]
[PlyCount "85"]
[EventDate "2014.03.03"]
[EventType "swiss"]
[EventRounds "11"]
[EventCountry "ARM"]
[Source "lmi"]
[SourceDate "2014.03.02"]

1. d4 d5 2. c4 c6 3. Nf3 Nf6 4. e3 Bf5 5. Nc3 a6 6. Qb3 b5 7. c5 a5 8. Nh4 Be6
9. Bd3 g6 10. Qc2 Bg7 11. a3 O-O 12. f4 Nh5 13. Bd2 f5 14. Nf3 Nf6 15. h3 Ne4
16. g4 Nd7 17. gxf5 gxf5 18. Ne2 Kh8 19. Rg1 Bf7 20. Ne5 Nxe5 21. fxe5 e6 22.
O-O-O Bh6 23. Nf4 Rg8 24. Bxe4 fxe4 25. Rxg8+ Qxg8 26. Be1 Qg1 27. Qe2 Qg5 28.
Bf2 Qf5 29. Bh4 Bxf4 30. Bf6+ Kg8 31. exf4 Qxh3 32. f5 exf5 33. Qf2 b4 34. Rg1+
Bg6 35. Rg3 Qh1+ 36. Rg1 Qh3 37. Rg3 Qh1+ 38. Rg1 Qf3 39. Qh2 Kf7 40. e6+ Kxf6
41. Qe5+ Ke7 42. Qd6+ Kf6 43. Qe5+ 1/2-1/2

[Event "Europa ch 2014"]
[Site "Yerevan ARM"]
[Date "2014.03.12"]
[Round "9.10"]
[White "Sutovsky, Emil"]
[Black "Fressinet, Laurent"]
[Result "1/2-1/2"]
[WhiteElo "2652"]
[BlackElo "2709"]
[PlyCount "67"]
[EventDate "2014.03.03"]
[EventType "swiss"]
[EventRounds "11"]
[EventCountry "ARM"]
[Source "lmi"]
[SourceDate "2014.03.02"]

1. e4 e5 2. Nf3 Nc6 3. Bb5 Nf6 4. O-O Nxe4 5. d4 Nd6 6. Bxc6 dxc6 7. dxe5 Nf5
8. Qxd8+ Kxd8 9. Rd1+ Ke8 10. Nc3 Be6 11. Ne2 Bd5 12. Nfd4 Nxd4 13. Nxd4 Rd8
14. Bf4 Bc5 15. Nf5 Rg8 16. Be3 Bf8 17. Rd2 Be4 18. Rxd8+ Kxd8 19. Rd1+ Kc8 20.
Bg5 Bb4 21. c3 Bxf5 22. cxb4 h6 23. Be3 Rd8 24. Rxd8+ Kxd8 25. Bc5 h5 26. f3
Kd7 27. Kf2 Ke6 28. Ke3 b6 29. Bf8 g6 30. Kd4 Bc2 31. Bg7 Bf5 32. Bf8 Bc2 33.
Bg7 Bf5 34. Bf8 1/2-1/2

[Event "Europa ch 2014"]
[Site "Yerevan ARM"]
[Date "2014.03.12"]
[Round "9.11"]
[White "Hammer, Jon Ludvig"]
[Black "Kryvoruchko, Yuriy"]
[Result "1/2-1/2"]
[WhiteElo "2647"]
[BlackElo "2706"]
[PlyCount "121"]
[EventDate "2014.03.03"]
[EventType "swiss"]
[EventRounds "11"]
[EventCountry "ARM"]
[Source "lmi"]
[SourceDate "2014.03.02"]

1. d4 Nf6 2. c4 e6 3. Nf3 b6 4. g3 Bb4+ 5. Bd2 Bxd2+ 6. Qxd2 Ba6 7. b3 O-O 8.
Nc3 d5 9. cxd5 exd5 10. Bg2 Re8 11. Ne5 Bb7 12. O-O Nbd7 13. f4 c5 14. Rad1
cxd4 15. Qxd4 Nc5 16. Nxd5 Bxd5 17. Bxd5 Qxd5 18. Qxd5 Nxd5 19. Rxd5 f6 20. Nd3
Nxd3 21. exd3 Rad8 22. Rxd8 Rxd8 23. Rd1 Rc8 24. Rd2 Kf7 25. Kf2 Ke6 26. Re2+
Kd6 27. Ke1 Rc1+ 28. Kd2 Ra1 29. Kc3 h5 30. Kd4 g6 31. Kc4 a6 32. Kd4 Rh1 33.
Ke4 Rf1 34. Rc2 Re1+ 35. Kd4 Rh1 36. Rf2 Re1 37. a4 Rb1 38. f5 gxf5 39. Rxf5
Ke6 40. Rxh5 Rxb3 41. a5 b5 42. Rc5 Kd6 43. Rf5 Ke6 44. Rc5 Kd6 45. Rd5+ Ke6
46. Kc5 Rc3+ 47. Kb4 Rc2 48. Rc5 Rxh2 49. Rc6+ Kd5 50. Rxf6 Rb2+ 51. Kc3 Rg2
52. Rxa6 Rxg3 53. Rb6 Kc5 54. Rb8 Kc6 55. a6 Rg7 56. Ra8 Kb6 57. d4 Ra7 58.
Rxa7 Kxa7 59. Kb4 Kxa6 60. Kc5 b4 61. Kxb4 1/2-1/2

[Event "Europa ch 2014"]
[Site "Yerevan ARM"]
[Date "2014.03.12"]
[Round "9.12"]
[White "Swiercz, Dariusz"]
[Black "Matlakov, Maxim"]
[Result "1/2-1/2"]
[WhiteElo "2631"]
[BlackElo "2695"]
[PlyCount "97"]
[EventDate "2014.03.03"]
[EventType "swiss"]
[EventRounds "11"]
[EventCountry "ARM"]
[Source "lmi"]
[SourceDate "2014.03.02"]

1. c4 c6 2. Nf3 d5 3. e3 Nf6 4. Nc3 e6 5. d4 Nbd7 6. Qc2 Bd6 7. b3 O-O 8. Be2
b6 9. O-O Bb7 10. Bb2 Qe7 11. Rad1 Rad8 12. Rfe1 Rfe8 13. Bf1 e5 14. e4 dxc4
15. Bxc4 b5 16. Bf1 a6 17. Ne2 g6 18. dxe5 Nxe5 19. Nxe5 Bxe5 20. Bxe5 Qxe5 21.
f3 c5 22. Qc3 Qe7 23. Nf4 Rxd1 24. Rxd1 Rc8 25. Qd2 Kf8 26. a4 bxa4 27. bxa4 c4
28. Qc3 Kg8 29. Rd4 Qc5 30. Kh1 Qb6 31. Rxc4 Rd8 32. Nd3 a5 33. Qc1 Nh5 34. Nc5
Bc8 35. Rc3 Qf6 36. Rd3 Rxd3 37. Bxd3 Nf4 38. Bf1 Ne6 39. Nxe6 Bxe6 40. Bb5 Qd4
41. h3 Bb3 42. Qa3 Qc3 43. Qe7 Qc1+ 44. Kh2 Qf4+ 45. Kg1 Qe3+ 46. Kh2 Qf4+ 47.
Kg1 Qe3+ 48. Kf1 Qd4 49. Qe8+ 1/2-1/2

[Event "Europa ch 2014"]
[Site "Yerevan ARM"]
[Date "2014.03.12"]
[Round "9.14"]
[White "Sargissian, Gabriel"]
[Black "Pashikian, Arman"]
[Result "1-0"]
[WhiteElo "2676"]
[BlackElo "2612"]
[PlyCount "87"]
[EventDate "2014.03.03"]
[EventType "swiss"]
[EventRounds "11"]
[EventCountry "ARM"]
[Source "lmi"]
[SourceDate "2014.03.02"]

1. d4 Nf6 2. c4 e6 3. Nc3 Bb4 4. Nf3 b6 5. e3 O-O 6. Bd3 d5 7. O-O Ba6 8. cxd5
exd5 9. Bxa6 Nxa6 10. Bd2 Re8 11. Rc1 c5 12. Qa4 Nc7 13. dxc5 bxc5 14. Rfd1 a5
15. a3 Qd6 16. Be1 c4 17. Nxd5 Ncxd5 18. axb4 axb4 19. Qb5 c3 20. bxc3 bxc3 21.
Qd3 Red8 22. Rxc3 Nxc3 23. Qxd6 Nxd1 24. Qe5 Re8 25. Qf5 Ne4 26. g4 g6 27. Qd7
Rad8 28. Qc7 Rc8 29. Qb7 Rb8 30. Qa7 Rbc8 31. h4 Ndc3 32. Bxc3 Nxc3 33. Ng5 Rf8
34. h5 gxh5 35. Qd7 Rc5 36. Qe7 Rc6 37. Nxh7 Rfc8 38. Nf6+ Kg7 39. Nxh5+ Kg6
40. f4 Rg8 41. Qg5+ Kh7 42. Nf6+ Rxf6 43. Qxf6 Rxg4+ 44. Kf1 1-0

[Event "Europa ch 2014"]
[Site "Yerevan ARM"]
[Date "2014.03.12"]
[Round "9.15"]
[White "Artemiev, Vladislav"]
[Black "Zhigalko, Sergei"]
[Result "1/2-1/2"]
[WhiteElo "2621"]
[BlackElo "2671"]
[PlyCount "150"]
[EventDate "2014.03.03"]
[EventType "swiss"]
[EventRounds "11"]
[EventCountry "ARM"]
[Source "lmi"]
[SourceDate "2014.03.02"]

1. d4 Nf6 2. c4 e6 3. Nf3 b6 4. g3 Ba6 5. Qa4 Bb7 6. Bg2 c5 7. dxc5 bxc5 8. O-O
Be7 9. Nc3 O-O 10. Rd1 Qb6 11. Bf4 Rd8 12. Rd2 d6 13. Rad1 Ne8 14. Nb5 Na6 15.
Bg5 f6 16. Bf4 Nac7 17. Bh3 f5 18. Nc3 h6 19. Ne1 Nf6 20. Bg2 Nce8 21. Qc2 g5
22. Bxb7 Qxb7 23. Be3 Ng4 24. Ng2 Bf6 25. h3 Ne5 26. b3 Qe7 27. f4 Nc6 28. Bf2
Ng7 29. e4 Nd4 30. Qd3 Qb7 31. Kh1 gxf4 32. Nxf4 Be5 33. Rg1 Rf8 34. Rg2 Rae8
35. Ng6 Rf6 36. Nxe5 dxe5 37. exf5 exf5 38. Nd5 Rg6 39. Bxd4 exd4 40. b4 cxb4
41. Qxd4 Kh8 42. Qb2 a5 43. Kh2 Rc6 44. Nf6 Rf8 45. Nd7 Re8 46. Ne5 Rc7 47. Rd5
Qb6 48. Qd2 Qf6 49. Nd7 Qg5 50. Qd4 Qe3 51. Qh4 Qg5 52. c5 Qxh4 53. gxh4 Rd8
54. Rgd2 Ne6 55. Kg3 a4 56. h5 Ng5 57. Nf6 Rxd5 58. Rxd5 Rc6 59. h4 Rxf6 60.
hxg5 hxg5 61. Rd8+ Kg7 62. Rd7+ Kf8 63. Rd8+ Ke7 64. Rb8 Rc6 65. Rb7+ Kf8 66.
Rb8+ Ke7 67. Rb7+ Kd8 68. Rxb4 Rh6 69. Rd4+ Kc7 70. Rd5 Rxh5 71. Rxf5 Kc6 72.
Kg2 Rh4 73. Rxg5 Rb4 74. Kf3 Rb2 75. Ke4 Rxa2 1/2-1/2

[Event "Europa ch 2014"]
[Site "Yerevan ARM"]
[Date "2014.03.12"]
[Round "9.16"]
[White "Tregubov, Pavel V"]
[Black "Saric, Ivan"]
[Result "0-1"]
[WhiteElo "2614"]
[BlackElo "2661"]
[PlyCount "154"]
[EventDate "2014.03.03"]
[EventType "swiss"]
[EventRounds "11"]
[EventCountry "ARM"]
[Source "lmi"]
[SourceDate "2014.03.02"]

1. d4 Nf6 2. c4 g6 3. g3 c6 4. Bg2 d5 5. Qa4 Bg7 6. cxd5 Nxd5 7. Nf3 Nb6 8. Qa3
Bg4 9. Nbd2 O-O 10. h3 Bxf3 11. Nxf3 Bxd4 12. Nxd4 Qxd4 13. Qxe7 N8d7 14. Qe3
Qf6 15. O-O Rfe8 16. Qf3 Qe6 17. Re1 Rad8 18. Bf4 Nd5 19. Bd2 Nc5 20. e4 Nb6
21. Bh6 f6 22. Qe2 Nc4 23. Rad1 Rxd1 24. Rxd1 Nd6 25. Be3 Ncxe4 26. Bxa7 Qxa2
27. Bxe4 Nxe4 28. Bd4 Qf7 29. Be3 Qe6 30. Kg2 Nd6 31. Qf3 Nc4 32. Bd4 Rd8 33.
Bc3 Rxd1 34. Qxd1 Nd6 35. Kg1 Kg7 36. h4 h5 37. Qd4 Nf7 38. Qb6 Qd7 39. Qc5
Qd1+ 40. Kh2 Qd7 41. Bb4 Qd8 42. Qa7 Qc8 43. Qc5 g5 44. Bc3 Kg6 45. Qe7 Qf5 46.
Kg1 gxh4 47. gxh4 Qg4+ 48. Kf1 Qxh4 49. Qxb7 Qc4+ 50. Kg1 Ng5 51. Qe7 Qg4+ 52.
Kf1 Qh3+ 53. Ke1 Qe6+ 54. Qxe6 Nxe6 55. f3 Kf5 56. Kf2 Nf4 57. b4 h4 58. Bd2
Ke5 59. Bc3+ Ke6 60. Bd2 Ng6 61. Kg2 Kd5 62. Kh3 f5 63. Be3 Kc4 64. Bc5 Kd3 65.
Kg2 Nf4+ 66. Kf2 Ng6 67. Bd6 f4 68. Kg2 Ke2 69. Bc7 h3+ 70. Kxh3 Kxf3 71. Bd6
Ke2 72. Kg4 f3 73. Bg3 Ne5+ 74. Kf5 Nd3 75. Ke6 Nxb4 76. Kd6 Nc2 77. Kxc6 Nd4+
0-1

[Event "Europa ch 2014"]
[Site "Yerevan ARM"]
[Date "2014.03.12"]
[Round "9.17"]
[White "Lysyj, Igor"]
[Black "Goganov, Aleksey"]
[Result "1-0"]
[WhiteElo "2655"]
[BlackElo "2569"]
[PlyCount "81"]
[EventDate "2014.03.03"]
[EventType "swiss"]
[EventRounds "11"]
[EventCountry "ARM"]
[Source "lmi"]
[SourceDate "2014.03.02"]

1. d4 d5 2. c4 c6 3. Nf3 Nf6 4. e3 e6 5. Bd3 dxc4 6. Bxc4 Nbd7 7. O-O Bd6 8.
Qc2 O-O 9. e4 e5 10. Be3 exd4 11. Bxd4 Qc7 12. Nbd2 Ne5 13. Rfe1 Bg4 14. Bxe5
Bxe5 15. Nxe5 Qxe5 16. Bf1 Be6 17. Nf3 Qf4 18. Rad1 Rad8 19. e5 Ng4 20. Rxd8
Rxd8 21. Re4 Qf5 22. Bd3 Rd5 23. Qc3 Nxe5 24. Nd4 Qf6 25. Bc2 Bd7 26. Bb3 Rd6
27. Qe3 Ng6 28. h4 c5 29. Nf3 c4 30. Rxc4 Be6 31. Rc1 h6 32. Bxe6 Rxe6 33. Rc8+
Kh7 34. Qd3 Rd6 35. Qe4 Re6 36. Qb1 Rb6 37. h5 Rxb2 38. hxg6+ fxg6 39. Qe4 Rxa2
40. Qc4 Ra1+ 41. Kh2 1-0

[Event "Europa ch 2014"]
[Site "Yerevan ARM"]
[Date "2014.03.12"]
[Round "9.18"]
[White "Salgado Lopez, Ivan"]
[Black "Bacrot, Etienne"]
[Result "1/2-1/2"]
[WhiteElo "2605"]
[BlackElo "2739"]
[PlyCount "85"]
[EventDate "2014.03.03"]
[EventType "swiss"]
[EventRounds "11"]
[EventCountry "ARM"]
[Source "lmi"]
[SourceDate "2014.03.02"]

1. e4 e5 2. Nf3 Nc6 3. Bb5 Nf6 4. O-O Nxe4 5. Re1 Nd6 6. Nxe5 Be7 7. Bf1 Nxe5
8. Rxe5 O-O 9. Nc3 Ne8 10. Nd5 Bd6 11. Re1 c6 12. Ne3 Bc7 13. Nf5 d5 14. Ne7+
Kh8 15. Nxc8 Rxc8 16. d3 Nf6 17. Qf3 Qd7 18. g3 Ng4 19. Bd2 Rce8 20. d4 f5 21.
Bd3 g6 22. Rxe8 Rxe8 23. Re1 Rxe1+ 24. Bxe1 Qe6 25. Qe2 Qxe2 26. Bxe2 Nf6 27.
f3 h5 28. h3 Kg7 29. Kg2 Kf7 30. c3 Ne8 31. Bd2 Ng7 32. f4 Ne8 33. g4 hxg4 34.
hxg4 Nf6 35. gxf5 gxf5 36. Kf3 b5 37. Be1 Ne4 38. Ke3 Nf6 39. Bh4 Ke6 40. Bxf6
Kxf6 41. Bh5 Ke6 42. Be8 Kd6 43. Bg6 1/2-1/2

[Event "Europa ch 2014"]
[Site "Yerevan ARM"]
[Date "2014.03.12"]
[Round "9.19"]
[White "Jobava, Baadur"]
[Black "Hovhannisyan, Robert"]
[Result "1/2-1/2"]
[WhiteElo "2716"]
[BlackElo "2611"]
[PlyCount "97"]
[EventDate "2014.03.03"]
[EventType "swiss"]
[EventRounds "11"]
[EventCountry "ARM"]
[Source "lmi"]
[SourceDate "2014.03.02"]

1. d4 d5 2. Bf4 Nf6 3. Nc3 Bf5 4. f3 e6 5. g4 Bg6 6. h4 h6 7. e3 a6 8. h5 Bh7
9. Bd3 c5 10. Nge2 Bxd3 11. cxd3 cxd4 12. Nxd4 Nbd7 13. Nde2 e5 14. Bg3 Bd6 15.
d4 O-O 16. Qb3 Qe7 17. Bh4 exd4 18. Nxd5 Qe5 19. Nxf6+ Nxf6 20. Nxd4 Nd5 21.
Nf5 Nxe3 22. Qxe3 Qxb2 23. Rd1 Qg2 24. Rxd6 Qxh1+ 25. Kd2 Qh2+ 26. Kd1 Rfe8 27.
Be7 Qh1+ 28. Kd2 Qh2+ 29. Kd3 Rac8 30. Nxh6+ Kh8 31. Nxf7+ Kg8 32. Qe6 Qc2+ 33.
Ke3 Qc5+ 34. Kf4 Qc4+ 35. Qxc4 Rxc4+ 36. Kg3 Rxe7 37. Ng5 Rc8 38. f4 Rec7 39.
Rg6 Re7 40. f5 Rc6 41. Ne6 b5 42. h6 a5 43. Nf8 Rec7 44. Ne6 Re7 45. g5 b4 46.
f6 Rcxe6 47. fxe7 Rxe7 48. Kg4 a4 49. Rb6 1/2-1/2

[Event "Europa ch 2014"]
[Site "Yerevan ARM"]
[Date "2014.03.12"]
[Round "9.20"]
[White "Andriasian, Zaven"]
[Black "Areshchenko, Alexander"]
[Result "1/2-1/2"]
[WhiteElo "2600"]
[BlackElo "2705"]
[PlyCount "107"]
[EventDate "2014.03.03"]
[EventType "swiss"]
[EventRounds "11"]
[EventCountry "ARM"]
[Source "lmi"]
[SourceDate "2014.03.02"]

1. c4 g6 2. Nc3 c5 3. g3 Bg7 4. Bg2 Nc6 5. Nf3 e6 6. O-O Nge7 7. d4 cxd4 8. Nb5
d5 9. cxd5 Nxd5 10. Nbxd4 Nxd4 11. Nxd4 O-O 12. Nb3 Bd7 13. h4 Ba4 14. Bg5 Qb6
15. Bxd5 exd5 16. Qxd5 Rae8 17. Qd2 Qb5 18. Rfe1 Qf5 19. Rac1 Qh3 20. Na5 b6
21. b3 Bd7 22. Nc6 Bf5 23. Bf4 h6 24. f3 Bd7 25. e4 Bxc6 26. Rxc6 Be5 27. Qg2
Qd7 28. Rc2 Bxf4 29. gxf4 Kh7 30. Kh2 Rd8 31. Rg1 Qe7 32. Qg4 Rd6 33. h5 Rg8
34. Rg3 Qd8 35. Rcg2 Rd1 36. Rg1 Rd2+ 37. R1g2 Rd1 38. hxg6+ fxg6 39. Rh3 Rd2
40. Rhg3 Rd1 41. f5 g5 42. Rh3 Qd4 43. f4 Rd2 44. fxg5 Rxg2+ 45. Qxg2 Qe5+ 46.
Qg3 Qb2+ 47. Qg2 Qe5+ 48. Kh1 Rc8 49. Rxh6+ Kg8 50. Rg6+ Kf7 51. Rf6+ Kg7 52.
Rg6+ Kf7 53. Rf6+ Kg7 54. Rg6+ 1/2-1/2

[Event "Europa ch 2014"]
[Site "Yerevan ARM"]
[Date "2014.03.12"]
[Round "9.21"]
[White "Fridman, Daniel"]
[Black "Almasi, Zoltan"]
[Result "1/2-1/2"]
[WhiteElo "2604"]
[BlackElo "2704"]
[PlyCount "111"]
[EventDate "2014.03.03"]
[EventType "swiss"]
[EventRounds "11"]
[EventCountry "ARM"]
[Source "lmi"]
[SourceDate "2014.03.02"]

1. d4 Nf6 2. c4 g6 3. g3 Bg7 4. Bg2 O-O 5. Nc3 d6 6. Nf3 Nc6 7. O-O a6 8. Bf4
Rb8 9. Rc1 b5 10. Nd5 bxc4 11. Nxf6+ exf6 12. Rxc4 Ne7 13. b3 Nd5 14. Bd2 Nb6
15. Rc1 Re8 16. e3 Bb7 17. Ne1 Nd5 18. Qc2 Re7 19. Nd3 f5 20. Nb2 Qe8 21. Nc4
Ba8 22. Na5 Rb6 23. Nc4 Rb8 24. Qd3 h5 25. Rc2 h4 26. Rfc1 Nf6 27. Bxa8 Rxa8
28. Na5 c5 29. dxc5 dxc5 30. Rxc5 Rd7 31. Qe2 Ne4 32. R5c2 Ng5 33. gxh4 Nh3+
34. Kf1 Qe4 35. f3 Qxh4 36. Be1 Qg5 37. Qg2 Qh5 38. f4 Re8 39. Rc8 Rde7 40.
Rxe8+ Rxe8 41. Nc4 g5 42. Qe2 Qxe2+ 43. Kxe2 gxf4 44. Nd6 Rxe3+ 45. Kf1 Bf6 46.
Nxf5 Re5 47. Nh6+ Kg7 48. Ng4 Re6 49. Nxf6 Kxf6 50. Kg2 Re3 51. Bf2 Rd3 52. Rc5
Nxf2 53. Kxf2 Rd2+ 54. Kf3 Rxa2 55. Kxf4 Rxh2 56. Ke4 1/2-1/2

[Event "Europa ch 2014"]
[Site "Yerevan ARM"]
[Date "2014.03.12"]
[Round "9.22"]
[White "Inarkiev, Ernesto"]
[Black "Iordachescu, Viorel"]
[Result "0-1"]
[WhiteElo "2698"]
[BlackElo "2583"]
[PlyCount "80"]
[EventDate "2014.03.03"]
[EventType "swiss"]
[EventRounds "11"]
[EventCountry "ARM"]
[Source "lmi"]
[SourceDate "2014.03.02"]

1. d4 g6 2. c4 Bg7 3. Nc3 Nf6 4. e4 d6 5. Nf3 O-O 6. Be2 Nbd7 7. O-O e5 8. Re1
Re8 9. d5 Nc5 10. Nd2 a5 11. b3 Bd7 12. a3 Bh6 13. Qc2 c6 14. Rb1 cxd5 15. cxd5
Qc7 16. Bb5 a4 17. Bxd7 Ncxd7 18. bxa4 Rec8 19. Bb2 Nb6 20. Ba1 Nxa4 21. Rb3
Qa5 22. Ndb1 Rc4 23. Qd3 Rac8 24. g3 Qa6 25. Qf3 Nc5 26. Rb4 Ncxe4 27. Rxc4
Rxc4 28. Kg2 Nxc3 29. Bxc3 Kg7 30. h4 b5 31. Rd1 Ne4 32. Bb4 Qc8 33. Rd3 Kg8
34. Qe2 f5 35. Be1 Rc2 36. Qf3 Nxf2 37. Rc3 Ne4+ 38. Kh3 Nxc3 39. Bxc3 Qc4 40.
Bb4 e4 0-1

[Event "Europa ch 2014"]
[Site "Yerevan ARM"]
[Date "2014.03.12"]
[Round "9.23"]
[White "Shomoev, Anton"]
[Black "Alekseev, Evgeny"]
[Result "1/2-1/2"]
[WhiteElo "2581"]
[BlackElo "2692"]
[PlyCount "83"]
[EventDate "2014.03.03"]
[EventType "swiss"]
[EventRounds "11"]
[EventCountry "ARM"]
[Source "lmi"]
[SourceDate "2014.03.02"]

1. e4 e5 2. Nf3 Nc6 3. Nc3 Nf6 4. Be2 Bb4 5. Nd5 Ba5 6. c3 d6 7. b4 Bb6 8. a4
Nxe4 9. Qc2 Bf5 10. d3 Bxf2+ 11. Kf1 Ng3+ 12. hxg3 Bxg3 13. Ng5 Ne7 14. Bf3
Nxd5 15. Bxd5 Qf6 16. Nf3 Qg6 17. Be4 Bxe4 18. dxe4 O-O 19. Ng5 h6 20. Rh3 Bf4
21. Bxf4 exf4 22. Nf3 Rae8 23. Re1 d5 24. Nh4 Qh7 25. Qd2 Rxe4 26. Rxe4 Qxe4
27. Rd3 g5 28. Nf3 c6 29. Rd4 Qf5 30. Qe2 Qc8 31. c4 Re8 32. Qc2 dxc4 33. Qxc4
Qf5 34. Qd3 Qxd3+ 35. Rxd3 Re4 36. Rd4 f5 37. Rd8+ Kf7 38. Rd7+ Re7 39. Rd6 Re6
40. Rd7+ Re7 41. Rd6 Re6 42. Rd7+ 1/2-1/2